Statistics for All Lonzo Ball Songs

Click here to take the quiz!

General Stats

  • This quiz has been taken 8 times
  • The average score is 12 of 39

Answer Stats

AlbumSong% Correct
Born 2 BallZO2
75%
Born 2 BallBBB
50%
Single #550&30
38%
Single #6Don't Shoot Me
38%
Bounce BackJamz
38%
Born 2 BallLaVar
38%
SingleMelo Ball 1
38%
Bounce BackSwerve
38%
Bounce BackTick Tock
38%
Bounce BackVibes
38%
Bounce BackBack At It
25%
Born 2 BallBetter
25%
Single #2BITF
25%
Born 2 BallBring It Home
25%
Bounce BackChain Music
25%
Born 2 BallCheck
25%
Born 2 BallDay 1s
25%
Bounce BackDead Prezz
25%
Bounce BackDisrespectful
25%
Single #4Doin Somethin
25%
Bounce BackDuck Off
25%
Born 2 BallFreestyle
25%
Bounce BackGetcha Merch
25%
Born 2 BallGet Off
25%
Born 2 BallGotta Get It
25%
Born 2 BallGrind Mode
25%
Bounce BackHello
25%
Bounce BackLA Bounce
25%
Born 2 BallLAML
25%
Born 2 BallLiving Lavish
25%
Bounce BackMan in the Mirror
25%
Born 2 BallMoney Talks
25%
Bounce BackNo Hook
25%
Bounce BackOn My Own
25%
Bounce BackPulling Up
25%
Born 2 BallPuttin in Work
25%
Born 2 BallSuper Saiyan
25%
Bounce BackTrials & Tribulations
25%
Born 2 BallWhat Is You Doin
25%

Score Distribution

Percentile by Number Answered

Percent of People with Each Score

Your Score History

You have not taken this quiz